Prvý nasadený Rozhovor s Karlom Nováčkom, tenistom, ktorý by mal vyhrať - podľa nasadenia i podľa nás - turnaj Czechoslovak Open

Bibliographic Details
Main Authors: Nováček, Karel, 1965- (Author), Lukáč, Tibor, 1914-1995 (Author)
Other Authors: Pospíšil, Peter, 1944-2006 (gup)
Format: Article
Language:Slovak
Subjects:

MARC

LEADER 00000nab a2200000 a 4500
001 vtls000425843
003 SK-MaSNL
005 20260303191032.0
008 160202c1991 xo 0 slo
015 |a SNBRB19rr/mm-uuuuu 
035 |a CL0425971 
040 |a SNKBUCL  |b slo  |c SNKBUCL  |e AACR2 
041 0 |a slo 
044 |a xo  |c SK 
080 |a 796.342.071  |2 1981 
080 |a 929 Nováček, Karel  |2 1981 
100 1 |a Nováček, Karel,  |d 1965-  |4 aut  |9 98131 
245 1 0 |a Prvý nasadený  |b Rozhovor s Karlom Nováčkom, tenistom, ktorý by mal vyhrať - podľa nasadenia i podľa nás - turnaj Czechoslovak Open  |c Karel Nováček, Tibor Lukáč ; Peter Pospíšil 
300 |b Fot. 3. 
600 1 7 |a Nováček, Karel,  |d 1965-  |2 snkbucl  |9 98131 
655 7 |a články z novín a časopisov  |2 snkbucl  |9 267496 
700 1 |a Lukáč, Tibor,  |d 1914-1995  |4 aut  |9 233711 
700 1 |a Pospíšil, Peter,  |d 1944-2006  |4 gup  |9 189257 
773 0 |t Eurotelevízia  |g Roč. 1, č. 32 (1991), s. 16 
850 |a Slovenská národná knižnica v Martine  |a MTA001 
852 |a SNK  |b KIS3GCP 
958 |a RK 
958 |a CZ 
992 |a RBX 
999 |c 2139174  |d 2141104